000 00528nam a2200181Ia 4500
008 131103s9999 xx 000 0 und d
020 _a978 0 19 565777 7
_cRs.98.00
040 _aLoreto College
041 _aEnglish
082 _a910/NOR
_bLCBED/14473
100 _aNoronha, Dorothy M.
245 _aVoyage geography
_b for the middle school
_cDorothy M. Noronha
260 _aOxford
_bOXford University Press
_c2006
300 _a100p.
_b ill.maps
_c 22cm.
650 _aGeography
850 _aLCBED/910/NOR
942 _cBK
999 _c29276
_d79755